| 000 | 00808nam a2200205 i 4500 | ||
|---|---|---|---|
| 001 | 80150 | ||
| 003 | ES-MaACL | ||
| 005 | 20250416222532.0 | ||
| 007 | t| | ||
| 008 | 041026s1968 sp ||||1| spa d | ||
| 245 | 0 | 0 | _aHistoria de la literatura universal. |
| 250 | _a[2ª ed.]. | ||
| 260 |
_aBarcelona : _bPlaneta, _c[1968] |
||
| 300 |
_a3 v. ; _c30 cm. |
||
| 505 | 8 | _aContiene: T. I: De la Antiguedad al Renacimiento / por Martín de Riquer. -- T. II: Del Renacimiento al Romanticismo / por Martín de Riquer y José María Valverde. -- T. III: Del Romanticismo a nuestros días / por José María Valverde | |
| 700 | 1 |
_aRiquer, Martín de, _d1914-2013 _9240061 |
|
| 700 | 1 |
_aValverde, José María, _d1926-1996 _9113013 |
|
| 852 |
_aES-MaACL _jC-41047-49 _bR.66507 |
||
| 999 |
_c80150 _d80150 |
||